Normal view
MARC view
- Government, Resistance to
Entry Topical Term
001 - CONTROL NUMBER
- control field: 27128
003 - CONTROL NUMBER IDENTIFIER
- control field: NUST
005 - DATE AND TIME OF LATEST TRANSACTION
- control field: 20191219122029.0
008 - FIXED-LENGTH DATA ELEMENTS
- fixed length control field: 191219|| aca||aabn | a|a d
040 ## - CATALOGING SOURCE
- Original cataloging agency: NUST
- Transcribing agency: NUST
150 ## - HEADING--TOPICAL TERM
- Topical term or geographic name entry element: Government, Resistance to
670 ## - SOURCE DATA FOUND
- Source citation: Work cat.: (NUST)0: Blackburn, Terence R. 27125, A miscellany of mutinies and massacres in India /, 2007.
